Lecturas sobre política fiscal / (Record no. 144992)

MARC details
000 -LEADER
campo de control de longitud fija 00958nam a2200241 4500
001 - NÚMERO DE CONTROL
campo de control 144992
003 - IDENTIFICADOR DE NÚMERO DE CONTROL
campo de control ES-MaACL
005 - FECHA Y HORA DE LA ÚLTIMA TRANSACCIÓN
campo de control 20230906201136.0
007 - CAMPO FIJO DE DESCRIPCIÓN FÍSICA--INFORMACIÓN GENERAL
campo de control de longitud fija t|
008 - DATOS DE LONGITUD FIJA--INFORMACIÓN GENERAL
campo de control de longitud fija 070214s1959 sp r ||||1| spa d
245 00 - MENCIÓN DEL TÍTULO
Título Lecturas sobre política fiscal /
Mención de responsabilidad, etc. seleccionadas por un comité de The American Economic Association, dirigido por Arthur Smithies y J. Keith Butters ; traducción del inglés por Miguel Paredes.
260 ## - PUBLICACIÓN, DISTRIBUCIÓN, ETC.
Lugar de publicación, distribución, etc. Madrid :
Nombre del editor, distribuidor, etc. Revista de Occidente,
Fecha de publicación, distribución, etc. 1959 (
Fabricante Viuda de Galo Sáez)
300 ## - DESCRIPCIÓN FÍSICA
Extensión XII, 748 p. ;
Dimensiones 23 cm.
490 1# - MENCIÓN DE SERIE
Mención de serie Biblioteca de la ciencia económica ;
Designación de volumen o secuencia 14
650 00 - PUNTO DE ACCESO ADICIONAL DE MATERIA--TÉRMINO DE MATERIA
Término de materia o nombre geográfico como elemento de entrada Política fiscal.
9 (RLIN) 16296
700 1# - ENTRADA AGREGADA--NOMBRE PERSONAL
Nombre de persona Smithies, Arthur.
9 (RLIN) 145866
700 1# - ENTRADA AGREGADA--NOMBRE PERSONAL
Nombre de persona Butters, J. Keith.
9 (RLIN) 32966
700 1# - ENTRADA AGREGADA--NOMBRE PERSONAL
Nombre de persona Paredes Marcos, Miguel,
Fechas asociadas al nombre 1910-1976
9 (RLIN) 89053
710 2# - ENTRADA AGREGADA--NOMBRE DE ENTIDAD CORPORATIVA
Nombre de entidad corporativa o nombre de jurisdicción como elemento de entrada American Economic Association.
9 (RLIN) 1356
830 1# - PUNTO DE ACCESO ADICIONAL DE SERIE-TÍTULO UNIFORME
Título uniforme Biblioteca de la ciencia económica ;
Designación de volumen o secuencia 14
9 (RLIN) 182033
852 ## - LOCALIZACIÓN
Ubicación ES-MaACL
Número de control de estantería C-15819
Holdings
Estatus retirado Estado de pérdida Estado de daño No para préstamo Biblioteca de origen Biblioteca actual Ubicación en estantería Fecha de adquisición Fuente de adquisición Total de préstamos Signatura topográfica completa Código de barras Visto por última vez Precio de reemplazo Tipo de ítem Koha
        Biblioteca del Ateneo de Madrid Biblioteca del Ateneo de Madrid Ficheros 17/01/2008     C-15819 1151320 23/02/2023 23/02/2023 Libro impreso